000 00729nam a2200241 i 4500
001 C2-0168025
003 PPAK
005 20180727133842.0
008 980714s1992 enka|||| ||||| | eng d
020 _a1851521992
040 _aPPAK
_beng
_cPPAK
_erda
082 0 4 _a791.453
_223
090 0 0 _a791.453
_bDOL
_dR
100 1 _aDollin, Stuart,
_eauthor
245 1 0 _aHome video handbook :
_bthe complete guide to making your own videos
264 1 _aLondon :
_bChancellor Press ,
_c1992
300 _a159 pages :
_bcolour illustrations ;
_c28 cm
336 _2rdacontent
_atext
337 _2rdamedia
_aunmediated
338 _2rdacarrier
_avolume
650 1 0 _aVideo tape, recoders and recording - Amateur
942 _ddc
_cB
999 _c49772
_d49772